000 01858nam0a2200397 4500
001 RU\NLR\bibl\256250
005 20250620124528.0
021 _aRU
_b2001-60129
_92932
035 _a(NLR Aleph) 000252001
090 _a1470576
_c1470576
100 _a20020419d2001 |||y0rusy50 ca
101 0 _arus
102 _aRU
105 _aa |||||||||
200 1 _aТункинскому национальному парку-10 лет
_f[Сост. А. Л. Ангархаев и др.]
210 _aУлан-Удэ
_cБуряад унэн
_d2001
215 _a206 с., [6] л. ил.
_d20
300 _aЗагл. обл. : Национальному парку "Тункинский"-10 лет
320 _aБиблиогр. в конце ст.
512 1 _aНациональному парку "Тункинский"-10 лет
601 0 2 _aТункинский национальный парк
_jПопулярная литература
_92242414
_3RU\NLR\auth\661345496
601 0 0 _a"Тункинский", природный национальный парк
_cРеспублика Бурятия
_jПопулярные издания
_92245461
_3RU\NLR\auth\661347148
601 0 2 _a"Тункинский", природный нац. парк
_cРеспублика Бурятия
_2psbo
610 0 _aНациональные парки
610 0 _aТункинский природный нац. парк, Бурятия, охрана окружающей среды
675 _a502.4(571.54)(091)
_v3
_zrus
686 _a87
_2rugasnti
686 _a28.088л6
_2rubbk
686 _aБ12(2Р54-6Бу)
701 1 _aАнгархаев
_bА. Л.
_gАрдан Лопсонович
_4070
801 0 _aRU
_bRKP
_c20020419
_gPSBO
801 1 _aRU
_bRKP
_c20020419
801 2 _aRU
_bNLR
_c20020530
_grcr
942 _cBOOK
980 _aNB